Sensus communis: ensayo sobre la libertad de ingenio y humor
Guardat en:
| Autors principals: | , |
|---|---|
| Format: | Llibre |
| Idioma: | espanyol |
| Publicat: |
Valencia
Pre-Textos
1995
|
| Col·lecció: | Pre-Textos, 224
|
| Matèries: | |
| Etiquetes: |
Afegir etiqueta
Sense etiquetes, Sigues el primer a etiquetar aquest registre!
|
MARC
| LEADER | 00000cam a2200000 a 4500 | ||
|---|---|---|---|
| 001 | UCF9986 | ||
| 003 | CL-VaPUC | ||
| 008 | 131227e19950000sp |||||||||||||||||spa|d | ||
| 020 | |a 8481910457 | ||
| 082 | 0 | 4 | |a 152.43 |b SHA |2 21 |
| 100 | 0 | |a Shaftesbury |e author |9 572385 | |
| 700 | 0 | |a Cooper, Anthony Ashley |e author |9 572386 | |
| 245 | 1 | 0 | |a Sensus communis: ensayo sobre la libertad de ingenio y humor |
| 300 | |a 221 p | ||
| 942 | |c BK | ||
| 945 | |d 20131227 10:32:00 |a dcastane | ||
| 260 | |a Valencia |b Pre-Textos |c 1995 | ||
| 650 | 7 | |a HUMOR |2 CL-VaPUC |9 337105 | |
| 650 | 0 | |a Psicología |9 257863 | |
| 583 | |a last modification |c 20140107 01:39:56 |k Rodrigo Vera | ||
| 490 | 0 | |a Pre-Textos, 224 | |
| 999 | |c 354309 |d 354307 | ||
| 952 | |0 0 |1 0 |3 erb |4 0 |6 152_430000000000000_SHA_1995 |7 0 |8 A |9 460089 |a BIBART |b BIBART |i 5037298 |o 152.43 SHA 1995 |p 5037298 |r 2025-03-13 |w 2019-11-23 |y BK |z Catalogado en:20131227 |k ART | ||